All Formula One Fastest Lap Setters - Statistics

General Stats
  • This quiz has been taken 224 times
    56 since last reset
  • The average score is 84 of 140
Answer Stats
Fastest Laps Nationality Last Fastest Lap Answer % Correct
46 Finnish 2018 Kimi Raikkonen
100%
67 British 2024 Lewis Hamilton
100%
33 Dutch 2024 Max Verstappen
100%
26 Spanish 2024 Fernando Alonso
98%
38 German 2019 Sebastian Vettel
98%
41 French 1993 Alain Prost
95%
10 Monégasque 2024 Charles Leclerc
95%
12 British 2024 Lando Norris
95%
17 Australian 2024 Daniel Ricciardo
93%
77 German 2012 Michael Schumacher
93%
19 Finnish 2021 Valtteri Bottas
93%
4 Spanish 2024 Carlos Sainz Jr.
90%
15 Brazilian 2014 Felipe Massa
90%
2 German 1976 Jochen Mass
90%
20 German 2016 Nico Rosberg
90%
24 Austrian 1985 Niki Lauda
90%
1 French 2024 Esteban Ocon
88%
19 Australian 2013 Mark Webber
88%
23 Brazilian 1987 Nelson Piquet
88%
12 Mexican 2024 Sergio Pérez
88%
12 Italian 1954 Alberto Ascari
86%
19 Brazilian 1993 Ayrton Senna
86%
8 British 2012 Jenson Button
86%
23 Argentine 1958 Juan Manuel Fangio
86%
25 Finnish 2001 Mika Hakkinen
86%
19 British 1961 Stirling Moss
86%
9 New Zealander 1974 Denny Hulme
83%
8 British 2024 George Russell
83%
15 British 1973 Jackie Stewart
83%
12 Colombian 2005 Juan-Pablo Montoya
83%
3 Danish 2024 Kevin Magnussen
83%
30 British 1992 Nigel Mansell
83%
3 Australian 2024 Oscar Piastri
83%
3 French 2021 Pierre Gasly
83%
17 Brazilian 2009 Rubens Barrichello
83%
13 Australian 1981 Alan Jones
81%
19 British 1996 Damon Hill
81%
1 Russian 2016 Daniil Kvyat
81%
18 British 2002 David Coulthard
81%
6 Brazilian 1975 Emerson Fittipaldi
81%
5 Italian 1951 Giuseppe Farina
81%
12 Australian 1970 Jack Brabham
81%
28 British 1968 Jim Clark
81%
1 Japanese 2023 Yuki Tsunoda
81%
21 Austrian 1997 Gerhard Berger
79%
14 Belgian 1972 Jacky Ickx
79%
3 Finnish 1985 Keke Rosberg
79%
10 American 1978 Mario Andretti
79%
1 Russian 2021 Nikita Mazepin
79%
8 Canadian 1981 Gilles Villeneuve
76%
5 South African 1977 Jody Scheckter
76%
1 Polish 2010 Robert Kubica
76%
15 Swiss 1979 Clay Regazzoni
74%
10 British 1967 Graham Hill
74%
9 Canadian 1997 Jacques Villeneuve
74%
8 British 1977 James Hunt
74%
4 French 1996 Jean Alesi
74%
11 British 1970 John Surtees
74%
1 Japanese 2012 Kamui Kobayashi
74%
2 German 2016 Nico Hulkenberg
74%
8 German 2005 Ralf Schumacher
74%
3 New Zealander 1962 Bruce McLaren
71%
2 Italian 2005 Giancarlo Fisichella
71%
6 Argentine 1954 José Froilán González
71%
6 American 1961 Phil Hill
71%
9 Swedish 1978 Ronnie Peterson
71%
1 Brazilian 2012 Bruno Senna
69%
6 German 1997 Heinz-Harald Frentzen
69%
3 Austrian 1970 Jochen Rindt
69%
1 Russian 2010 Vitaly Petrov
69%
6 Argentine 1981 Carlos Reutemann
67%
2 Chinese 2023 Guanyu Zhou
67%
12 French 1984 René Arnoux
67%
13 Italian 1992 Ricardo Patrese
67%
5 Brazilian 1975 Carlos Pace
64%
1 Mexican 2013 Esteban Gutiérrez
64%
2 Finnish 2008 Heikki Kovalainen
64%
6 American 1967 Dan Gurney
62%
1 Italian 2009 Jarno Trulli
62%
4 Swiss 1971 Jo Siffert
62%
2 German 2008 Nick Heidfeld
62%
1 German 2009 Adrian Sutil
60%
5 French 1982 Didier Pironi
60%
7 French 1985 Jacques Laffite
60%
1 French 2012 Romain Grosjean
60%
1 Austrian 1998 Alexander Wurz
57%
1 British 1999 Eddie Irvine
57%
5 Italian 1988 Michele Alboreto
57%
2 French 1984 Patrick Tambay
55%
1 Spanish 2005 Pedro de la Rosa
55%
1 Belgian 1990 Thierry Boutsen
55%
3 New Zealander 1972 Chris Amon
52%
2 French 1973 François Cevert
52%
5 British 1983 John Watson
52%
3 British 1961 Tony Brooks
52%
4 French 1979 Patrick Depailler
50%
1 Mexican 1968 Pedro Rodriguez
50%
1 German 2009 Timo Glock
50%
2 Italian 1990 Alessandro Nannini
48%
3 French 1978 Jean-Pierre Jarier
45%
3 American 1966 Richie Ginther
45%
1 French 1959 Maurice Trintignant
43%
3 American 1955 Bill Vukovich
40%
1 Italian 1983 Andrea de Cesaris
38%
1 Swedish 1977 Gunnar Nilsson
38%
1 Italian 1957 Luigi Musso
38%
6 British 1958 Mike Hawthorne
38%
1 Italian 1952 Piero Taruffi
38%
1 Japanese 1989 Saturo Nakajima
38%
2 Italian 1966 Lorenzo Bandini
36%
2 British 1984 Derek Warwick
33%
4 French 1972 Jean-Pierre Beltoise
33%
1 Italian 1966 Ludovico Scarfiotti
33%
1 Italian 1961 Giancarlo Baghetti
31%
1 British 1960 Innes Ireland
29%
1 American 1950 Johnnie Parsons
26%
1 American 1951 Lee Wallard
26%
2 Italian 1987 Teo Fabi
26%
1 Italian 1975 Vittorio Brambilla
24%
1 Italian 1953 Luigi Villoresi
21%
1 Brazilian 1991 Robert Moreno
21%
1 French 1954 Jean Behra
19%
2 American 1960 Jim Rathmann
17%
1 German 1954 Karl Kling
17%
1 British 1968 Jackie Oliver
12%
1 British 1972 Mike Hailwood
12%
1 Argentine 1954 Onofre Marimon
12%
1 French 1991 Bernard Gachot
10%
1 German 1954 Hans Hermann
10%
1 French 1971 Henri Pescarolo
10%
1 Argentine 1955 Roberto Mieres
10%
1 British 1989 Jonathan Palmer
7%
1 Swiss 1981 Marc Surer
7%
1 Brazilian 1989 Mauricio Gugelmin
7%
1 American 1956 Paul Russo
5%
1 British 1982 Brian Henton
2%
1 British 1968 Dick Atwood
2%
1 American 1954 Jack McGrath
2%
1 American 1959 Johnny Thomson
0%
1 American 1958 Tony Bettenhausen
0%
No matching quizzes found
Score Distribution
Percent of People with Each Score
Percentile by Number Answered
Your Score History
You have not taken this quiz since the last reset